000 00342 a2200145 4500
001 152771
040 _cEscola São Tomás de Aquino
100 _aVENEZA, Maurício
240 1 0 _aCoração de passarinho
_lpor
245 1 0 _aCoração de passarinho
362 0 _a2013
440 1 _aDimensão
697 _a*LITERATURA JUVENIL
942 _cBK
999 _c152771
_d152771